To be a professional musician /

Saved in:
Bibliographic Details
Main Author: Proctor, Charles
Format: Book
Language:English
Published: Lond. : Methuen, 1951.
Subjects:
LEADER 00751nam a2200217 i 4500
001 c000386558
003 CARM
005 00000000000000.0
008 871001s1951 00000 eng d
019 1 |a 10410107  |5 LACONCORD2021 
035 |a (OCoLC)4774429  |5 LACONCORD2021 
040 |a VDU  |c VDU 
082 0 4 |a 780.071 
100 1 |a Proctor, Charles. 
245 1 0 |a To be a professional musician /  |c <With bibl.> 
260 |a Lond. :  |b Methuen,  |c 1951. 
300 |a ;  |c 18 1/2 cm. 
650 0 |a Music  |x Vocational guidance. 
852 8 |b CARM  |h A3:AD33A0  |i A05551  |p 0479389  |f BK 
999 f f |i bd525f98-b391-556b-9fab-d5e7f692c550  |s 9dc655a6-368e-52be-b634-22ae7dfcb969 
952 f f |p Can circulate  |a CAVAL  |b CAVAL  |c CAVAL  |d CARM 1 Store  |e A05551  |f A3:AD33A0  |h Other scheme  |i book  |m 0479389